| 000 -LEADER |
| fixed length control field |
00804nam a2200253Ia 4500 |
| 001 - CONTROL NUMBER |
| control field |
21452 |
| 003 - CONTROL NUMBER IDENTIFIER |
| control field |
GE_BSU |
| 005 - DATE AND TIME OF LATEST TRANSACTION |
| control field |
20211111144623.0 |
| 008 - FIXED-LENGTH DATA ELEMENTS--GENERAL INFORMATION |
| fixed length control field |
181216s2013||||ru |||||||||||||| ||rus|| |
| 020 ## - INTERNATIONAL STANDARD BOOK NUMBER |
| International Standard Book Number |
9786177161003 |
| 040 ## - CATALOGING SOURCE |
| Transcribing agency |
GE_BSU |
| 080 ## - UNIVERSAL DECIMAL CLASSIFICATION NUMBER |
| Universal Decimal Classification number |
2-1 A-13 |
| 100 ## - MAIN ENTRY--PERSONAL NAME |
| Personal name |
Абд-Ру-Шин |
| 9 (RLIN) |
12900 |
| 245 ## - TITLE STATEMENT |
| Title |
В свете истины : |
| Remainder of title |
Послание Граля / |
| Statement of responsibility, etc. |
Абд-Ру-Шин. |
| 264 ## - PRODUCTION, PUBLICATION, DISTRIBUTION, MANUFACTURE, AND COPYRIGHT NOTICE |
| Place of production, publication, distribution, manufacture |
Штудгарт : |
| Name of producer, publisher, distributor, manufacturer |
Изд-во фонда послания Граля, |
| Date of production, publication, distribution, manufacture, or copyright notice |
2013. |
| 300 ## - PHYSICAL DESCRIPTION |
| Extent |
1211 стр. ; |
| Dimensions |
22 см. |
| 520 ## - SUMMARY, ETC. |
| Summary, etc. |
Паралл. заглавие на англ. языке |
| 653 ## - INDEX TERM--UNCONTROLLED |
| keyword |
В свете истины |
| 653 ## - INDEX TERM--UNCONTROLLED |
| keyword |
Послание Граля |
| 653 ## - INDEX TERM--UNCONTROLLED |
| keyword |
Религия |
| 653 ## - INDEX TERM--UNCONTROLLED |
| keyword |
რელიგია |
| 942 ## - ADDED ENTRY ELEMENTS (KOHA) |
| Koha item type |
წიგნი |
| Source of classification or shelving scheme |
|